000 00613nam a2200241 i 4500
001 C2-0236562
003 PPAK
005 20180727200325.0
008 011009s2001 enk |||| ||||| | eng d
020 _a0451410076
040 _aPPAK
_beng
_cPPAK
_erda
082 0 4 _a823
_223
090 0 0 _a823
_bGRI
_dG
100 1 _aGrimes, Martha,
_eauthor
245 1 0 _aCold flat junction
264 1 _aLondon :
_bAn Oxyx Book ,
_c2001
300 _a432 pages ;
_c17 cm
336 _2rdacontent
_atext
337 _2rdamedia
_aunmediated
338 _2rdacarrier
_avolume
650 1 0 _aEnglish fiction
942 _ddc
_cB
999 _c52365
_d52365